| 000 | 00690nam a2200229 u 4500 | ||
|---|---|---|---|
| 005 | 20240802063713.0 | ||
| 008 | 120607s2004 mx r 000 0 spa d | ||
| 020 | _a9706415149 | ||
| 035 | _aUPN01000184893 | ||
| 049 | _aI | ||
| 050 | 4 |
_aPZ74.7 _bB7.2 |
|
| 100 | 1 |
_aBrozon, M. B., _d1970- _931044 |
|
| 245 | 1 | 3 |
_aLa aventura de los pollos voladores / _cM. B. Brozon ; il. Cecilia Rébora. |
| 260 |
_aMéxico : _bProgreso, _c2004. |
||
| 300 |
_a41 p. : _bprincipalmente il. col. |
||
| 440 | 0 | _aRehilete | |
| 650 | 4 |
_aLiteratura infantil mexicana _910209 |
|
| 650 | 2 |
_aAves _vLiteratura infantil _919835 |
|
| 700 | 1 |
_aRébora, Cecilia, _eil. |
|
| 905 | _aInfantil | ||
| 999 |
_c156996 _d156996 |
||